2019-2020 NBA Starting Point Guards - Statistics

General Stats
  • This quiz has been taken 1,040 times
  • The average score is 20 of 30
Answer Stats
Team Player % Correct
GSW Stephen Curry
92%
POR Damian Lillard
88%
OKC Chris Paul
87%
NETS Kyrie Irving
87%
HOU Russell Westbrook
87%
TOR Kyle Lowry
85%
NO Lonzo Ball
84%
SAC De'Aaron Fox
83%
DEN Jamal Murray
83%
ATL Trae Young
83%
SA Dejounte Murray
82%
MEM Ja Morant
82%
BOS Kemba Walker
82%
UTAH Mike Conley
79%
PHI Ben Simmons
77%
CLE Colin Sexton
65%
CHA Terry Rozier
63%
MIL Eric Bledsoe
62%
CHI Coby White
61%
PHX Ricky Rubio
59%
LAC Patrick Beverley
58%
IND Malcolm Brogdon
53%
DET Reggie Jackson
53%
NYK Dennis Smith Jr
46%
MIN Jeff Teague
40%
WSH Isaiah Thomas
38%
ORL DJ Augustin
36%
LAL Avery Bradley
34%
MIA Justice Winslow
17%
DAL Deion Wright
15%
No matching quizzes found
Score Distribution
Percent of People with Each Score
Percentile by Number Answered
Your Score History
You have not taken this quiz